[Event "44th Chess Olympiad Women 2022"]
[Site "Chennai"]
[Date "2022.07.30"]
[Round "2.35"]
[White "Phan, Nguyen Mai Chi"]
[Black "Ning, Isabelle Yixuan"]
[Result "1-0"]
[ECO "E94"]
[WhiteElo "2139"]
[BlackElo "1853"]
[Annotator "NA RC"]
[PlyCount "109"]
[EventDate "2022.07.29"]
[EventType "team-tourn"]
[EventCountry "IND"]
[SourceTitle "playchess.com"]
[Source "ChessBase"]
[SourceQuality "1"]
[WhiteTeam "Australia"]
[BlackTeam "New Zealand"]
[WhiteTeamCountry "AUS"]
[BlackTeamCountry "NZL"]

1. d4 Nf6 2. c4 g6 3. Nc3 Bg7 4. e4 d6 5. Nf3 O-O 6. Be2 Nbd7 7. O-O e5 8. d5
Nc5 9. Qc2 a5 10. Ne1 h6 11. f3 Nh7 12. Nd3 b6 13. Rb1 f5 14. a3 f4 15. b4 Nxd3
16. Bxd3 g5 17. c5 axb4 18. axb4 g4 19. fxg4 Bxg4 20. Nb5 f3 21. Be3 Ng5 22.
cxd6 cxd6 23. Qd2 Bf6 24. h4 fxg2 25. Qxg2 Bh3 26. Qg3 Bxf1 27. Rxf1 Kh7 28.
hxg5 Rg8 29. Rf5 Ra1+ 30. Kf2 Be7 31. Qh4 Ra2+ 32. Kf3 Bxg5 33. Bxg5 Rxg5 34.
Rxg5 Qf6+ 35. Ke3 Qxg5+ 36. Qxg5 hxg5 37. Nxd6 g4 38. Nf5 Kg6 39. d6 Kg5 40. d7
Ra8 41. Ba6 Rh8 42. Ne7 Rh3+ 43. Kf2 Rh2+ 44. Kg1 Rh8 45. Nc6 Kf4 46. Bd3 Ke3
47. Bb1 Kd2 48. d8=Q+ Rxd8 49. Nxd8 Kc3 50. Nc6 Kc4 51. Nxe5+ Kxb4 52. Nxg4 Kc5
53. e5 Kc6 54. Kf2 Kd5 55. Ke2 1-0

[Event "44th Chess Olympiad Women 2022"]
[Site "Chennai"]
[Date "2022.07.30"]
[Round "2.35"]
[White "Punsalan, Vyanla M"]
[Black "Richards, Heather S"]
[Result "1-0"]
[ECO "B07"]
[WhiteElo "1895"]
[BlackElo "2146"]
[Annotator "NA RC"]
[PlyCount "87"]
[EventDate "2022.07.29"]
[EventType "team-tourn"]
[EventCountry "IND"]
[SourceTitle "playchess.com"]
[Source "ChessBase"]
[SourceQuality "1"]
[WhiteTeam "New Zealand"]
[BlackTeam "Australia"]
[WhiteTeamCountry "NZL"]
[BlackTeamCountry "AUS"]

1. e4 d6 2. d4 Nf6 3. Nd2 e5 4. dxe5 dxe5 5. Ngf3 Bc5 6. Bc4 Qe7 7. O-O Bg4 8.
c3 O-O 9. h3 Bh5 10. Re1 Nbd7 11. a4 a5 12. Rb1 Rad8 13. Qc2 Kh8 14. Ba2 Bg6
15. Re2 Nh5 16. Nf1 h6 17. g4 Nf4 18. Bxf4 exf4 19. Rbe1 Ne5 20. Nxe5 Qxe5 21.
Kg2 h5 22. Nh2 hxg4 23. hxg4 f3+ 24. Nxf3 Qf4 25. Rh1+ Kg8 26. Rh4 Rfe8 27. g5
Qd6 28. Rd2 Qb6 29. Rxd8 Rxd8 30. Qe2 Re8 31. Rf4 Qc6 32. e5 Bd6 33. Kg1 Qc5
34. e6 Re7 35. exf7+ Bxf7 36. Bxf7+ Kf8 37. Re4 Kxf7 38. Rxe7+ Bxe7 39. Ne5+
Ke8 40. g6 Kd8 41. Qd3+ Kc8 42. Qh3+ Kb8 43. Nd7+ Ka7 44. Nxc5 1-0

[Event "44th Chess Olympiad Women 2022"]
[Site "Chennai"]
[Date "2022.07.30"]
[Round "2.35"]
[White "Thurner, Anya"]
[Black "Nguyen, Thu Giang"]
[Result "0-1"]
[ECO "B20"]
[WhiteElo "1619"]
[BlackElo "2119"]
[Annotator "NA RC"]
[PlyCount "90"]
[EventDate "2022.07.29"]
[EventType "team-tourn"]
[EventCountry "IND"]
[SourceTitle "playchess.com"]
[Source "ChessBase"]
[SourceQuality "1"]
[WhiteTeam "New Zealand"]
[BlackTeam "Australia"]
[WhiteTeamCountry "NZL"]
[BlackTeamCountry "AUS"]

1. e4 c5 2. b3 g6 3. Bb2 Nf6 4. Nc3 Bg7 5. d3 O-O 6. g3 d5 7. Bg2 dxe4 8. dxe4
Qa5 9. Nge2 Rd8 10. Qc1 Nc6 11. O-O e5 12. h3 Nd4 13. Nxd4 cxd4 14. Ne2 b6 15.
Qe1 Qc5 16. Qd2 Ba6 17. Rfe1 Rac8 18. Rac1 h5 19. c4 Bb7 20. Qd3 Qe7 21. Rcd1
Nd7 22. Nc1 Bh6 23. Qe2 Bxc1 24. Bxc1 Nc5 25. Ba3 a5 26. f4 Kg7 27. Bb2 Rc7 28.
Qf2 f6 29. Qe2 h4 30. g4 Rcd7 31. fxe5 fxe5 32. Qf2 Rf8 33. Qe2 Ne6 34. Bc1
Rfd8 35. Rf1 Rf8 36. Rd3 Rxf1+ 37. Bxf1 Nc5 38. Rd1 Nxe4 39. Re1 d3 40. Qe3 d2
41. Bxd2 Nxd2 42. Bg2 Bxg2 43. Kxg2 e4 44. Qc3+ Qf6 45. Qe3 Rd3 0-1

[Event "44th Chess Olympiad Women 2022"]
[Site "Chennai"]
[Date "2022.07.30"]
[Round "2.36"]
[White "Librelato, Kathie Goulart"]
[Black "Almanzar Vasquez, Jeniffer Maria"]
[Result "1-0"]
[ECO "C78"]
[WhiteElo "2255"]
[BlackElo "1762"]
[Annotator "RC"]
[PlyCount "51"]
[EventDate "2022.07.29"]
[EventType "team-tourn"]
[EventCountry "IND"]
[SourceTitle "playchess.com"]
[Source "ChessBase"]
[SourceQuality "1"]
[WhiteTeam "Brazil"]
[BlackTeam "Dominican Republic"]
[WhiteTeamCountry "BRA"]
[BlackTeamCountry "DOM"]

1. e4 e5 2. Nf3 Nc6 3. Bb5 a6 4. Ba4 Nf6 5. O-O Bc5 6. Nxe5 Nxe5 7. d4 b5 8.
Bb3 Bxd4 9. Qxd4 d6 10. f4 c5 11. Qc3 Neg4 12. e5 c4 13. exf6 Nxf6 14. Re1+ Kf8
15. Bxc4 bxc4 16. Qxc4 Bb7 17. Qd4 Qc7 18. Nd2 Re8 19. Rxe8+ Kxe8 20. Nc4 Ke7
21. Bd2 Qc5 22. Re1+ Kd7 23. Ne5+ Kc8 24. Qxc5+ dxc5 25. Nxf7 Kb8 26. Nxh8 1-0

[Event "44th Chess Olympiad Women 2022"]
[Site "Chennai"]
[Date "2022.07.30"]
[Round "2.36"]
[White "Rosario Almanzar, Raydily"]
[Black "Alboredo, Julia"]
[Result "0-1"]
[ECO "B23"]
[WhiteElo "1882"]
[BlackElo "2264"]
[Annotator "RC"]
[PlyCount "70"]
[EventDate "2022.07.29"]
[EventType "team-tourn"]
[EventCountry "IND"]
[SourceTitle "playchess.com"]
[Source "ChessBase"]
[SourceQuality "1"]
[WhiteTeam "Dominican Republic"]
[BlackTeam "Brazil"]
[WhiteTeamCountry "DOM"]
[BlackTeamCountry "BRA"]

1. e4 c5 2. Nc3 Nc6 3. Bb5 Nd4 4. Nf3 a6 5. Bd3 Nc6 6. a4 d6 7. h3 g6 8. O-O
Bg7 9. Qe2 e6 10. Nd1 Nge7 11. c3 O-O 12. Bc2 Rb8 13. d3 b5 14. axb5 axb5 15.
Bg5 b4 16. d4 bxc3 17. bxc3 cxd4 18. cxd4 Nxd4 19. Nxd4 Bxd4 20. Ra4 Bg7 21.
Ne3 Bd7 22. Ra7 f6 23. Bf4 Nc6 24. Ra3 e5 25. Bg3 Nd4 26. Qa6 Bb5 27. Qa5 Qxa5
28. Rxa5 Bxf1 29. Kxf1 Rfc8 30. Bd1 Rc1 31. Ke1 Bh6 32. Kd2 Rbb1 33. Ra8+ Kf7
34. Ra7+ Kf8 35. Ba4 Rc8 0-1

[Event "44th Chess Olympiad Women 2022"]
[Site "Chennai"]
[Date "2022.07.30"]
[Round "2.36"]
[White "Diaz Cesar, Wilsaida Pieranlly"]
[Black "Terao, Juliana Sayumi"]
[Result "0-1"]
[ECO "A09"]
[WhiteElo "1834"]
[BlackElo "2223"]
[Annotator "ChessBase"]
[PlyCount "48"]
[EventDate "2022.07.29"]
[EventType "team-tourn"]
[EventCountry "IND"]
[SourceTitle "playchess.com"]
[Source "ChessBase"]
[SourceQuality "1"]
[WhiteTeam "Dominican Republic"]
[BlackTeam "Brazil"]
[WhiteTeamCountry "DOM"]
[BlackTeamCountry "BRA"]

1. Nf3 d5 2. c4 d4 3. b4 f6 4. e3 e5 5. Bb2 dxe3 6. fxe3 Bxb4 7. Qb3 Qe7 8. Be2
Nh6 9. O-O Nf7 10. a3 Bd6 11. Nc3 c6 12. d4 O-O 13. c5 Bc7 14. Bc4 Kh8 15. Rae1
Nd7 16. Rf2 b6 17. Ref1 bxc5 18. Bxf7 Qxf7 19. Qxf7 Rxf7 20. Ng5 Re7 21. d5 Nb6
22. dxc6 Ba6 23. Nge4 Bxf1 24. Rxf1 Re6 0-1

[Event "44th Chess Olympiad Women 2022"]
[Site "Chennai"]
[Date "2022.07.30"]
[Round "2.37"]
[White "Newrkla, Katharina"]
[Black "Ortez, Andrea"]
[Result "1/2-1/2"]
[ECO "B36"]
[WhiteElo "2265"]
[BlackElo "1908"]
[Annotator "RC"]
[PlyCount "132"]
[EventDate "2022.07.29"]
[EventType "team-tourn"]
[EventCountry "IND"]
[SourceTitle "playchess.com"]
[Source "ChessBase"]
[SourceQuality "1"]
[WhiteTeam "Austria"]
[BlackTeam "El Salvador"]
[WhiteTeamCountry "AUT"]
[BlackTeamCountry "ESA"]

1. e4 c5 2. Nf3 Nc6 3. d4 cxd4 4. Nxd4 g6 5. c4 Nf6 6. Nc3 Nxd4 7. Qxd4 d6 8.
f3 Bg7 9. Be3 O-O 10. Qd2 a5 11. b3 a4 12. b4 Be6 13. Rc1 Nd7 14. Be2 f5 15.
exf5 Rxf5 16. Nb5 Ne5 17. Nd4 Qd7 18. f4 Nc6 19. Nxf5 gxf5 20. b5 Nd8 21. Bd4
Bxd4 22. Qxd4 Bf7 23. Rc3 Ne6 24. Rg3+ Bg6 25. Qd5 Kf8 26. O-O Nc5 27. Qd4 Rc8
28. Bf3 Qc7 29. Re1 Kf7 30. h4 Ke8 31. h5 Bf7 32. Qh8+ Kd7 33. Qxh7 Be6 34. Rg7
Re8 35. Bd5 Qa5 36. Re2 Qc3 37. Qh6 Bxd5 38. cxd5 Qd4+ 39. Kh2 Qxd5 40. Qh7 Ne6
41. Rg8 Rxg8 42. Qxg8 Qc4 43. Rf2 Qd4 44. Qg3 Nc5 45. Re2 Ne4 46. Qe3 Qf6 47.
Qh3 e6 48. h6 Qh8 49. Qh5 Qh7 50. Qh4 Qh8 51. Rc2 Nf6 52. h7 b6 53. Rc6 Ng4+
54. Kh3 Qa1 55. Rc7+ Kxc7 56. Qe7+ Kb8 57. Qxd6+ Kb7 58. Qe7+ Kb8 59. Qe8+ Ka7
60. Qd7+ Kb8 61. Qd6+ Ka7 62. Qc7+ Ka8 63. Qc8+ Ka7 64. Qc7+ Ka8 65. Qd8+ Kb7
66. Qd7+ Kb8 1/2-1/2

[Event "44th Chess Olympiad Women 2022"]
[Site "Chennai"]
[Date "2022.07.30"]
[Round "2.37"]
[White "Mayrhuber, Nikola"]
[Black "Zavala Galindo, Alejandra Beatriz"]
[Result "1-0"]
[ECO "E76"]
[WhiteElo "2141"]
[BlackElo "1748"]
[Annotator "NA"]
[PlyCount "55"]
[EventDate "2022.07.29"]
[EventType "team-tourn"]
[EventCountry "IND"]
[SourceTitle "playchess.com"]
[Source "ChessBase"]
[SourceQuality "1"]
[WhiteTeam "Austria"]
[BlackTeam "El Salvador"]
[WhiteTeamCountry "AUT"]
[BlackTeamCountry "ESA"]

1. d4 Nf6 2. c4 c5 3. d5 d6 4. Nc3 e6 5. e4 g6 6. dxe6 fxe6 7. f4 Nc6 8. Nf3 a6
9. Bd3 Bg7 10. O-O O-O 11. Ng5 Nd4 12. e5 Ne8 13. Nxh7 Nf5 14. Nxf8 Kxf8 15. g4
Ne7 16. Be3 b6 17. Qc2 d5 18. Bf2 Bb7 19. Rad1 Qc7 20. Bh4 Kg8 21. cxd5 Nxd5
22. Nxd5 Bxd5 23. Be4 Qc6 24. Rxd5 exd5 25. Bxg6 Nc7 26. Qf5 d4 27. Bf7+ Kh8
28. Bf6 1-0

[Event "44th Chess Olympiad Women 2022"]
[Site "Chennai"]
[Date "2022.07.30"]
[Round "2.37"]
[White "Garcia, Angie"]
[Black "Trippold, Denise"]
[Result "0-1"]
[ECO "B48"]
[WhiteElo "1894"]
[BlackElo "2151"]
[Annotator "ChessBase"]
[PlyCount "94"]
[EventDate "2022.07.29"]
[EventType "team-tourn"]
[EventCountry "IND"]
[SourceTitle "playchess.com"]
[Source "ChessBase"]
[SourceQuality "1"]
[WhiteTeam "El Salvador"]
[BlackTeam "Austria"]
[WhiteTeamCountry "ESA"]
[BlackTeamCountry "AUT"]

1. e4 c5 2. Nf3 e6 3. d4 cxd4 4. Nxd4 Nc6 5. Nc3 Qc7 6. Be3 a6 7. Qd2 Nf6 8.
O-O-O Be7 9. f3 b5 10. Kb1 Bb7 11. g4 Nxd4 12. Bxd4 O-O 13. Bxf6 Bxf6 14. Qxd7
Qc5 15. Qd6 Qf2 16. Qg3 Qc5 17. Qd6 Qf2 18. Qg3 Qxg3 19. hxg3 Bxc3 20. bxc3
Rac8 21. Kb2 f5 22. gxf5 exf5 23. Bd3 Rc5 24. Rh5 Rfc8 25. Rxf5 Rxf5 26. exf5
Bxf3 27. Re1 Kf7 28. Re6 Bb7 29. g4 Rc5 30. Rb6 Bc8 31. Kb3 h5 32. gxh5 Bxf5
33. h6 gxh6 34. Rxh6 Be6+ 35. Kb2 Ke7 36. Rh7+ Kd6 37. Ra7 Bc8 38. Kb3 Kc6 39.
c4 Kb6 40. Re7 bxc4+ 41. Bxc4 Bf5 42. Re2 Rc6 43. Bd5 Rh6 44. c4 Rh3+ 45. Kb4
a5+ 46. Ka4 Bd7+ 47. Bc6 Bxc6# 0-1

[Event "44th Chess Olympiad Women 2022"]
[Site "Chennai"]
[Date "2022.07.30"]
[Round "2.37"]
[White "Herrera, Marjorie"]
[Black "Hapala, Elisabeth"]
[Result "0-1"]
[ECO "B23"]
[WhiteElo "1760"]
[BlackElo "2113"]
[Annotator "NA RC"]
[PlyCount "86"]
[EventDate "2022.07.29"]
[EventType "team-tourn"]
[EventCountry "IND"]
[SourceTitle "playchess.com"]
[Source "ChessBase"]
[SourceQuality "1"]
[WhiteTeam "El Salvador"]
[BlackTeam "Austria"]
[WhiteTeamCountry "ESA"]
[BlackTeamCountry "AUT"]

1. e4 c5 2. Nc3 e6 3. f4 d5 4. Bb5+ Bd7 5. Bxd7+ Qxd7 6. exd5 exd5 7. Qe2+ Be7
8. Nf3 Nc6 9. Ne5 Nxe5 10. Qxe5 Nf6 11. O-O O-O 12. d3 Rfe8 13. Qe1 c4 14. Kh1
Bb4 15. Qg3 Bxc3 16. bxc3 Qf5 17. Ba3 Re2 18. Rfe1 Rae8 19. Rxe2 Rxe2 20. Re1
cxd3 21. cxd3 Qxd3 22. Rxe2 Qxe2 23. h3 Nh5 24. Qg5 Qf1+ 25. Kh2 Qxf4+ 26. Qxf4
Nxf4 27. Bc1 Ne6 28. Be3 a6 29. g4 f6 30. Kg3 Kf7 31. h4 g6 32. Bb6 h5 33. gxh5
gxh5 34. Kf3 Kg6 35. Kg3 Kf5 36. Kf3 Nf4 37. Bf2 Nd3 38. Bb6 Ne5+ 39. Kg3 Ke4
40. Bd4 f5 41. Bb6 f4+ 42. Kg2 Ng4 43. Bg1 Ne3+ 0-1

[Event "44th Chess Olympiad Women 2022"]
[Site "Chennai"]
[Date "2022.07.30"]
[Round "2.38"]
[White "Mahdian, Anousha"]
[Black "Silva Rosas, Natalia"]
[Result "1-0"]
[ECO "A04"]
[WhiteElo "2161"]
[BlackElo "1780"]
[Annotator "RC"]
[PlyCount "125"]
[EventDate "2022.07.29"]
[EventType "team-tourn"]
[EventCountry "IND"]
[SourceTitle "playchess.com"]
[Source "ChessBase"]
[SourceQuality "1"]
[WhiteTeam "Iran"]
[BlackTeam "Uruguay"]
[WhiteTeamCountry "IRI"]
[BlackTeamCountry "URU"]

1. Nf3 f5 2. d3 g6 3. e4 d6 4. exf5 Bxf5 5. d4 c6 6. Bd3 Nf6 7. Bxf5 Qa5+ 8.
Nc3 Qxf5 9. h3 Bg7 10. Be3 Na6 11. a3 Nc7 12. g4 Qd7 13. Bg5 Ncd5 14. Nxd5 cxd5
15. Bxf6 Qe6+ 16. Qe2 Qxe2+ 17. Kxe2 Bxf6 18. Rhe1 Rc8 19. c3 g5 20. h4 h6 21.
Rh1 Kf7 22. Rad1 Rcg8 23. Rdg1 e5 24. dxe5 dxe5 25. h5 Rc8 26. Rd1 Rhd8 27. Nd2
Rc6 28. Rh3 Rb6 29. b4 Ra6 30. Rd3 Ke8 31. c4 d4 32. Ne4 Be7 33. Rf3 Rc8 34.
Rc1 Rd8 35. Rd3 Kd7 36. Ng3 Rf6 37. Nf5 Bf8 38. Kf3 Rc8 39. Ke4 Ke6 40. Rc2 b5
41. c5 a5 42. bxa5 Rf7 43. Rb3 Rfc7 44. Rxb5 Bxc5 45. a6 Rc6 46. Ra5 Bb6 47.
Rxc6+ Rxc6 48. a7 Bxa7 49. Rxa7 Rc3 50. Ra6+ Kf7 51. Kxe5 d3 52. Nxh6+ Kg7 53.
Nf5+ Kh7 54. Rh6+ Kg8 55. Rd6 Rxa3 56. Kf6 Ra2 57. Kg6 Ra8 58. Rxd3 Kh8 59. Rd7
Rg8+ 60. Kh6 Re8 61. Rh7+ Kg8 62. Ne7+ Kf8 63. Ng6+ 1-0

[Event "44th Chess Olympiad Women 2022"]
[Site "Chennai"]
[Date "2022.07.30"]
[Round "2.38"]
[White "Asgharzadeh, Mitra"]
[Black "Malan, Lucia"]
[Result "1-0"]
[ECO "A08"]
[WhiteElo "1988"]
[BlackElo "1741"]
[Annotator "NA RC"]
[PlyCount "89"]
[EventDate "2022.07.29"]
[EventType "team-tourn"]
[EventCountry "IND"]
[SourceTitle "playchess.com"]
[Source "ChessBase"]
[SourceQuality "1"]
[WhiteTeam "Iran"]
[BlackTeam "Uruguay"]
[WhiteTeamCountry "IRI"]
[BlackTeamCountry "URU"]

1. Nf3 d5 2. g3 Nf6 3. Bg2 e6 4. O-O c5 5. d3 Nc6 6. Nbd2 Bd6 7. e4 O-O 8. Re1
Qc7 9. Qe2 Nb4 10. Nf1 dxe4 11. dxe4 e5 12. c3 Nc6 13. Bg5 Be7 14. Ne3 Be6 15.
Bxf6 Bxf6 16. Nd5 Bxd5 17. exd5 Ne7 18. Nxe5 Rad8 19. Rad1 Nf5 20. Ng4 Qb6 21.
Qf3 h5 22. Nxf6+ Qxf6 23. Qxh5 Nd6 24. Qe5 Qg6 25. Qf4 Rfe8 26. h4 Qc2 27. Qc1
Qa4 28. Qb1 Qc4 29. Rxe8+ Rxe8 30. Bf1 Qg4 31. Re1 Rd8 32. Qd1 Qf5 33. Bd3 Qf6
34. Qh5 g6 35. Qh6 Nf5 36. Bxf5 Qxf5 37. c4 b5 38. b3 bxc4 39. bxc4 Qc2 40. Qg5
Rf8 41. h5 Kh7 42. d6 Qf5 43. Qe7 Kg8 44. d7 Qd3 45. Qxf8+ 1-0

[Event "44th Chess Olympiad Women 2022"]
[Site "Chennai"]
[Date "2022.07.30"]
[Round "2.38"]
[White "Roepke, Sofia"]
[Black "Zahedifar, Anahita"]
[Result "0-1"]
[ECO "B13"]
[WhiteElo "1869"]
[BlackElo "2160"]
[Annotator "ChessBase"]
[PlyCount "96"]
[EventDate "2022.07.29"]
[EventType "team-tourn"]
[EventCountry "IND"]
[SourceTitle "playchess.com"]
[Source "ChessBase"]
[SourceQuality "1"]
[WhiteTeam "Uruguay"]
[BlackTeam "Iran"]
[WhiteTeamCountry "URU"]
[BlackTeamCountry "IRI"]

1. e4 c6 2. d4 d5 3. exd5 cxd5 4. Bd3 Nf6 5. h3 Nc6 6. c3 e5 7. dxe5 Nxe5 8.
Nf3 Nxf3+ 9. Qxf3 Be7 10. O-O O-O 11. Be3 Bd7 12. Bd4 Bc6 13. Nd2 Qd6 14. Rfe1
Nd7 15. Re3 g6 16. Nb3 a5 17. Rae1 Bg5 18. R3e2 a4 19. Nd2 Nc5 20. Bxc5 Qxc5
21. Qg4 Bf6 22. Nf3 a3 23. Rc1 axb2 24. Rxb2 Ra4 25. Qg3 Rfa8 26. Bb1 Qa3 27.
Rcc2 Rc4 28. Rb3 Qe7 29. Rbb2 Rxc3 30. Re2 Rc1+ 31. Kh2 Qc5 32. Rbc2 Rxc2 33.
Rxc2 Qa3 34. Qf4 Qe7 35. Rc1 Re8 36. Re1 Qxe1 37. Nxe1 Be5 38. Qxe5 Rxe5 39.
Nf3 Re2 40. Kg3 Rb2 41. Bd3 Rxa2 42. Ne5 f6 43. Nf3 Ra3 44. Be2 d4 45. Kf4 g5+
46. Kf5 d3 47. Bd1 Bxf3 48. Bxf3 d2 0-1

[Event "44th Chess Olympiad Women 2022"]
[Site "Chennai"]
[Date "2022.07.30"]
[Round "2.38"]
[White "Quevedo, Andreina"]
[Black "Masoumi, Sahar"]
[Result "0-1"]
[ECO "B33"]
[WhiteElo "1841"]
[BlackElo "1956"]
[Annotator "NA"]
[PlyCount "82"]
[EventDate "2022.07.29"]
[EventType "team-tourn"]
[EventCountry "IND"]
[SourceTitle "playchess.com"]
[Source "ChessBase"]
[SourceQuality "1"]
[WhiteTeam "Uruguay"]
[BlackTeam "Iran"]
[WhiteTeamCountry "URU"]
[BlackTeamCountry "IRI"]

1. e4 c5 2. Nf3 Nc6 3. d4 cxd4 4. Nxd4 Nf6 5. Nc3 e5 6. Ndb5 d6 7. Bg5 a6 8.
Na3 b5 9. Nd5 Be7 10. Bxf6 Bxf6 11. c4 b4 12. Nc2 O-O 13. Qf3 Bg5 14. h4 Bh6
15. g4 Bf4 16. Nxf4 Qf6 17. g5 Qxf4 18. Qxf4 exf4 19. f3 f5 20. gxf6 Rxf6 21.
b3 a5 22. Be2 Bb7 23. Kf2 a4 24. Rhd1 Rh6 25. Rh1 Ra5 26. bxa4 Rxa4 27. Rab1
Ba6 28. Rb2 Kf8 29. Kg2 Ne5 30. Nxb4 Bxc4 31. Bd1 Rg6+ 32. Kh2 Ra3 33. Nc2 Rd3
34. Nb4 Nxf3+ 35. Bxf3 Rxf3 36. Nd5 Rg4 37. Rb8+ Kf7 38. h5 Bxd5 39. Re1 Rh4+
40. Kg2 Rg3+ 41. Kf2 Rh2+ 0-1

[Event "44th Chess Olympiad Women 2022"]
[Site "Chennai"]
[Date "2022.07.30"]
[Round "2.39"]
[White "Frayna, Janelle Mae"]
[Black "Granados Diaz, Maria Esther"]
[Result "1-0"]
[ECO "B30"]
[WhiteElo "2224"]
[BlackElo "1888"]
[Annotator "ChessBase"]
[PlyCount "57"]
[EventDate "2022.07.29"]
[EventType "team-tourn"]
[EventCountry "IND"]
[SourceTitle "playchess.com"]
[Source "ChessBase"]
[SourceQuality "1"]
[WhiteTeam "Philippines"]
[BlackTeam "Nicaragua"]
[WhiteTeamCountry "PHI"]
[BlackTeamCountry "NCA"]

1. e4 c5 2. Nf3 Nc6 3. Bb5 g6 4. O-O Nd4 5. Nxd4 cxd4 6. c3 Bg7 7. cxd4 Bxd4 8.
Nc3 a6 9. Ne2 Bg7 10. Ba4 Nf6 11. e5 Ng4 12. d4 O-O 13. Ng3 d6 14. h3 Nh6 15.
Bc2 Qc7 16. Bf4 dxe5 17. dxe5 Be6 18. Be4 Rfd8 19. Qf3 Nf5 20. Bxf5 gxf5 21.
Rac1 Qb6 22. b3 Qb5 23. Rfe1 Rd3 24. Qh5 Qd7 25. Rcd1 Rd8 26. Rxd3 Qxd3 27. Qg5
Qc3 28. Rc1 h6 29. Qxg7+ 1-0

[Event "44th Chess Olympiad Women 2022"]
[Site "Chennai"]
[Date "2022.07.30"]
[Round "2.39"]
[White "Mendoza, Shania Mae"]
[Black "Alvarez Gutierrez, Patricia"]
[Result "1-0"]
[ECO "B10"]
[WhiteElo "2153"]
[BlackElo "1715"]
[Annotator "ChessBase"]
[PlyCount "57"]
[EventDate "2022.07.29"]
[EventType "team-tourn"]
[EventCountry "IND"]
[SourceTitle "playchess.com"]
[Source "ChessBase"]
[SourceQuality "1"]
[WhiteTeam "Philippines"]
[BlackTeam "Nicaragua"]
[WhiteTeamCountry "PHI"]
[BlackTeamCountry "NCA"]

1. e4 c6 2. Nf3 d5 3. exd5 cxd5 4. Ne5 Nc6 5. Bb5 Qc7 6. d4 e6 7. c4 Bb4+ 8.
Nc3 Nge7 9. Bf4 Qb6 10. O-O Bxc3 11. bxc3 O-O 12. Rb1 Qa5 13. c5 Qxc3 14. Nxc6
Nxc6 15. Bxc6 bxc6 16. Qa4 Qd3 17. Qxc6 Ba6 18. Rfd1 Qe2 19. Re1 Qd3 20. Rb3
Qc4 21. Rc1 Qe2 22. Rg3 Rfc8 23. Qd6 Rd8 24. Qe7 Bd3 25. c6 Bg6 26. c7 Rdc8 27.
Rb3 Qa6 28. Rb8 e5 29. Qd8+ 1-0

[Event "44th Chess Olympiad Women 2022"]
[Site "Chennai"]
[Date "2022.07.30"]
[Round "2.39"]
[White "Ferrufino, Michelle"]
[Black "Fronda, Jan Jodilyn"]
[Result "1/2-1/2"]
[ECO "B23"]
[WhiteElo "1811"]
[BlackElo "2181"]
[Annotator "RC"]
[PlyCount "75"]
[EventDate "2022.07.29"]
[EventType "team-tourn"]
[EventCountry "IND"]
[SourceTitle "playchess.com"]
[Source "ChessBase"]
[SourceQuality "1"]
[WhiteTeam "Nicaragua"]
[BlackTeam "Philippines"]
[WhiteTeamCountry "NCA"]
[BlackTeamCountry "PHI"]

1. e4 c5 2. Nc3 e6 3. f4 d5 4. Nf3 Nc6 5. Bb5 dxe4 6. Bxc6+ bxc6 7. Nxe4 Nf6 8.
Qe2 Be7 9. O-O Nxe4 10. Qxe4 Qd5 11. d3 Bf6 12. Rb1 Qxe4 13. dxe4 Bd4+ 14. Nxd4
cxd4 15. Rd1 c5 16. c3 Bb7 17. cxd4 Bxe4 18. Ra1 Rc8 19. dxc5 Rxc5 20. Be3 Rc2
21. Rd2 Rxd2 22. Bxd2 Kd7 23. Bc3 Rc8 24. Rd1+ Bd5 25. a3 Kc6 26. g3 f6 27. Kf2
h5 28. h4 Re8 29. Re1 Kb5 30. Rd1 Kc4 31. Rd4+ Kb3 32. f5 Kc2 33. fxe6 Bxe6 34.
Re4 Kd3 35. Rd4+ Kc2 36. Re4 Kd3 37. Rd4+ Kc2 38. Re4 1/2-1/2

[Event "44th Chess Olympiad Women 2022"]
[Site "Chennai"]
[Date "2022.07.30"]
[Round "2.39"]
[White "Granados Ortiz, Maria Jose"]
[Black "San Diego, Marie Antoinette"]
[Result "1-0"]
[ECO "B07"]
[WhiteElo "1753"]
[BlackElo "2101"]
[Annotator "NA"]
[PlyCount "55"]
[EventDate "2022.07.29"]
[EventType "team-tourn"]
[EventCountry "IND"]
[SourceTitle "playchess.com"]
[Source "ChessBase"]
[SourceQuality "1"]
[WhiteTeam "Nicaragua"]
[BlackTeam "Philippines"]
[WhiteTeamCountry "NCA"]
[BlackTeamCountry "PHI"]

1. e4 d6 2. d4 Nf6 3. Nc3 g6 4. Be3 Bg7 5. Qd2 O-O 6. O-O-O a6 7. f3 Re8 8. Bh6
Bh8 9. g4 b5 10. h4 b4 11. Nce2 c5 12. h5 Qa5 13. Kb1 Nc6 14. hxg6 fxg6 15. d5
Ne5 16. Nf4 Nf7 17. g5 Nd7 18. Qh2 Nde5 19. Ne6 Bxe6 20. dxe6 Nd8 21. f4 Nec6
22. f5 Be5 23. Qh4 Nd4 24. Bg7 Bxg7 25. Qxh7+ Kf8 26. Qxg6 Qa4 27. Rxd4 cxd4
28. Rh7 1-0

[Event "44th Chess Olympiad Women 2022"]
[Site "Chennai"]
[Date "2022.07.30"]
[Round "2.40"]
[White "Zairbek kyzy, Begimai"]
[Black "Abrorova, Sabrina"]
[Result "1-0"]
[ECO "B22"]
[WhiteElo "1949"]
[BlackElo "1799"]
[Annotator "NA"]
[PlyCount "57"]
[EventDate "2022.07.29"]
[EventType "team-tourn"]
[EventCountry "IND"]
[SourceTitle "playchess.com"]
[Source "ChessBase"]
[SourceQuality "1"]
[WhiteTeam "Kyrgyzstan"]
[BlackTeam "Tajikistan"]
[WhiteTeamCountry "KGZ"]
[BlackTeamCountry "TJK"]

1. e4 c5 2. c3 Nf6 3. e5 Nd5 4. d4 cxd4 5. Nf3 Nc6 6. cxd4 d6 7. Bc4 e6 8. O-O
Be7 9. Qe2 O-O 10. Nc3 Nxc3 11. bxc3 dxe5 12. dxe5 Qc7 13. Qe4 b6 14. Bd3 g6
15. Bh6 Rd8 16. Rad1 Bb7 17. Qf4 Rd5 18. Be4 Rxd1 19. Rxd1 Rd8 20. Re1 Na5 21.
Bxb7 Nxb7 22. Ng5 Bxg5 23. Qxg5 Qxc3 24. Rc1 Qd3 25. h3 Qf5 26. Qe7 Qh5 27. Bg5
Rf8 28. Kh2 Qe2 29. Qf6 1-0

[Event "44th Chess Olympiad Women 2022"]
[Site "Chennai"]
[Date "2022.07.30"]
[Round "2.46"]
[White "Spinola, Divania"]
[Black "Morales Santos, Natasha"]
[Result "0-1"]
[ECO "C00"]
[WhiteElo "1425"]
[BlackElo "1924"]
[Annotator "NA RC"]
[PlyCount "50"]
[EventDate "2022.07.29"]
[EventType "team-tourn"]
[EventCountry "IND"]
[SourceTitle "playchess.com"]
[Source "ChessBase"]
[SourceQuality "1"]
[WhiteTeam "CPV"]
[BlackTeam "Puerto Rico"]
[BlackTeamCountry "PUR"]

1. e4 e6 2. Nf3 d5 3. Nc3 Nf6 4. d3 d4 5. e5 dxc3 6. exf6 Qxf6 7. b3 Nd7 8. Be2
Bd6 9. O-O h6 10. Be3 c5 11. Rb1 O-O 12. h3 Nb6 13. Qc1 Nd5 14. Rd1 e5 15. Ra1
Be6 16. Qa3 Qe7 17. Re1 b5 18. Red1 b4 19. Qc1 f5 20. a4 f4 21. Bxc5 Bxc5 22.
Nxe5 Bxh3 23. Ng6 Qxe2 24. Nxf8 Qxf2+ 25. Kh2 Qxg2# 0-1

[Event "44th Chess Olympiad Women 2022"]
[Site "Chennai"]
[Date "2022.07.30"]
[Round "2.47"]
[White "Mwango, Lorita"]
[Black "Felix, Tobi"]
[Result "1-0"]
[WhiteElo "1920"]
[BlackElo "1460"]
[Annotator "NA RC"]
[PlyCount "20"]
[EventDate "2022.07.29"]
[EventType "team-tourn"]
[EventCountry "IND"]
[SourceTitle "playchess.com"]
[Source "ChessBase"]
[SourceQuality "1"]
[WhiteTeam "Zambia"]
[BlackTeam "Ghana"]
[WhiteTeamCountry "ZAM"]
[BlackTeamCountry "GHA"]

1. d4 d5 2. Nf3 e6 3. Bf4 Bd6 4. Bg3 c5 5. c3 Qc7 6. e3 Nd7 7. Nbd2 Ngf6 8. Be2
O-O 9. Bxd6 Qxd6 10. O-O Re8 1-0